Sports Quiz

Random Sports or Baseball Quiz

MLB: Greatest Left Fielders by Decade, 1951-present Quiz Stats

 Plays Quiz not verified by Sporcle

Also try: Goal of the Season
Challenge
Share
Tweet
Embed
Score 0/168 Timer 10:00
0 Plays Today
Years Name % Correct
1981-1990Barry Bonds
93.8%
1982-1991Barry Bonds
93.8%
1983-1992Barry Bonds
93.8%
1984-1993Barry Bonds
93.8%
1985-1994Barry Bonds
93.8%
1986-1995Barry Bonds
93.8%
1987-1996Barry Bonds
93.8%
1988-1997Barry Bonds
93.8%
1989-1998Barry Bonds
93.8%
1990-1999Barry Bonds
93.8%
1991-2000Barry Bonds
93.8%
1992-2001Barry Bonds
93.8%
1993-2002Barry Bonds
93.8%
1994-2003Barry Bonds
93.8%
1995-2004Barry Bonds
93.8%
1996-2005Barry Bonds
93.8%
1997-2006Barry Bonds
93.8%
1998-2007Barry Bonds
93.8%
1999-2008Barry Bonds
93.8%
2000-2009Barry Bonds
93.8%
2001-2010Barry Bonds
93.8%
2002-2011Barry Bonds
93.8%
1951-1960Ted Williams
93%
1952-1961Ted Williams
93%
1953-1962Ted Williams
93%
1954-1963Ted Williams
93%
1955-1964Ted Williams
93%
1957-1966Billy Williams
92.2%
1958-1967Billy Williams
92.2%
1959-1968Billy Williams
92.2%
1960-1969Billy Williams
92.2%
1961-1970Billy Williams
92.2%
1962-1971Billy Williams
92.2%
1963-1972Billy Williams
92.2%
1964-1973Billy Williams
92.2%
1965-1974Billy Williams
92.2%
1957-1966Carl Yastrzemski
84.3%
1958-1967Carl Yastrzemski
84.3%
1959-1968Carl Yastrzemski
84.3%
1960-1969Carl Yastrzemski
84.3%
1961-1970Carl Yastrzemski
84.3%
1962-1971Carl Yastrzemski
84.3%
1963-1972Carl Yastrzemski
84.3%
1964-1973Carl Yastrzemski
84.3%
1965-1974Carl Yastrzemski
84.3%
1966-1975Carl Yastrzemski
84.3%
1967-1976Carl Yastrzemski
84.3%
1968-1977Carl Yastrzemski
84.3%
1969-1978Carl Yastrzemski
84.3%
1971-1980Carl Yastrzemski
84.3%
1976-1985Rickey Henderson
83.5%
1977-1986Rickey Henderson
83.5%
1978-1987Rickey Henderson
83.5%
1979-1988Rickey Henderson
83.5%
1980-1989Rickey Henderson
83.5%
1981-1990Rickey Henderson
83.5%
Years Name % Correct
1982-1991Rickey Henderson
83.5%
1983-1992Rickey Henderson
83.5%
1984-1993Rickey Henderson
83.5%
1985-1994Rickey Henderson
83.5%
1986-1995Rickey Henderson
83.5%
1987-1996Rickey Henderson
83.5%
1988-1997Rickey Henderson
83.5%
1989-1998Rickey Henderson
83.5%
1990-1999Rickey Henderson
83.5%
1973-1982Jim Rice
78.4%
1974-1983Jim Rice
78.4%
1975-1984Jim Rice
78.4%
1976-1985Jim Rice
78.4%
1977-1986Jim Rice
78.4%
1997-2006Manny Ramirez
77.9%
1998-2007Manny Ramirez
77.9%
1999-2008Manny Ramirez
77.9%
2000-2009Manny Ramirez
77.9%
2001-2010Manny Ramirez
77.9%
2002-2011Manny Ramirez
77.9%
1964-1973Willie Stargell
67.4%
1965-1974Willie Stargell
67.4%
1966-1975Willie Stargell
67.4%
1968-1977Willie Stargell
67.4%
1969-1978Willie Stargell
67.4%
1991-2000Luis Gonzalez
66.6%
1992-2001Luis Gonzalez
66.6%
1993-2002Luis Gonzalez
66.6%
1994-2003Luis Gonzalez
66.6%
1995-2004Luis Gonzalez
66.6%
1996-2005Luis Gonzalez
66.6%
1999-2008Luis Gonzalez
66.6%
1951-1960Frank Robinson
66.4%
1952-1961Frank Robinson
66.4%
1953-1962Frank Robinson
66.4%
1954-1963Frank Robinson
66.4%
1955-1964Frank Robinson
66.4%
1956-1965Frank Robinson
66.4%
1970-1979George Foster
65.4%
1971-1980George Foster
65.4%
1972-1981George Foster
65.4%
1973-1982George Foster
65.4%
1974-1983George Foster
65.4%
1975-1984George Foster
65.4%
1989-1998Albert Belle
60.6%
1990-1999Albert Belle
60.6%
1991-2000Albert Belle
60.6%
1992-2001Albert Belle
60.6%
1993-2002Albert Belle
60.6%
1978-1987Tim Raines
59.4%
1979-1988Tim Raines
59.4%
1980-1989Tim Raines
59.4%
1981-1990Tim Raines
59.4%
1982-1991Tim Raines
59.4%
1983-1992Tim Raines
59.4%
1984-1993Tim Raines
59.4%
Years Name % Correct
1985-1994Tim Raines
59.4%
1986-1995Tim Raines
59.4%
1987-1996Tim Raines
59.4%
1988-1997Tim Raines
59.4%
1958-1967Lou Brock
57.3%
1959-1968Lou Brock
57.3%
1960-1969Lou Brock
57.3%
1961-1970Lou Brock
57.3%
1962-1971Lou Brock
57.3%
1963-1972Lou Brock
57.3%
1966-1975Pete Rose
55.5%
1967-1976Pete Rose
55.5%
2003-2012Matt Holliday
52.8%
2004-2013Matt Holliday
52.8%
2005-2014Matt Holliday
52.8%
2006-2015Matt Holliday
52.8%
1967-1976Roy White
47.8%
1968-1977Roy White
47.8%
1969-1978Roy White
47.8%
1970-1979Roy White
47.8%
1971-1980Roy White
47.8%
1972-1981Jose Cruz
43.9%
1973-1982Jose Cruz
43.9%
1974-1983Jose Cruz
43.9%
1975-1984Jose Cruz
43.9%
1976-1985Jose Cruz
43.9%
1977-1986Jose Cruz
43.9%
1978-1987Jose Cruz
43.9%
1979-1988Jose Cruz
43.9%
1980-1989Jose Cruz
43.9%
2003-2012Ryan Braun
43.7%
2004-2013Ryan Braun
43.7%
2005-2014Ryan Braun
43.7%
2006-2015Ryan Braun
43.7%
1998-2007Lance Berkman
42.3%
2000-2009Carl Crawford
39.6%
2001-2010Carl Crawford
39.6%
2002-2011Carl Crawford
39.6%
2003-2012Carl Crawford
39.6%
2004-2013Carl Crawford
39.6%
2005-2014Carl Crawford
39.6%
1956-1965Harmon Killebrew
38.8%
1970-1979Joe Rudi
35.1%
1972-1981Dusty Baker
34.8%
1951-1960Minnie Minoso
28.5%
1952-1961Minnie Minoso
28.5%
1953-1962Minnie Minoso
28.5%
1954-1963Minnie Minoso
28.5%
1955-1964Minnie Minoso
28.5%
1956-1965Minnie Minoso
28.5%
1957-1966Minnie Minoso
28.5%
2006-2015Alex Gordon
27.4%
1994-2003Brian Giles
22.5%
1995-2004Brian Giles
22.5%
1996-2005Brian Giles
22.5%
1997-2006Brian Giles
22.5%

You're not logged in!

Compare scores with friends on all Sporcle quizzes.
OR
Log In

You Might Also Like...

Show Comments

Extras

Top Quizzes Today


Score Distribution

Your Account Isn't Verified!

In order to create a playlist on Sporcle, you need to verify the email address you used during registration. Go to your Sporcle Settings to finish the process.

Report this User

Report this user for behavior that violates our Community Guidelines.

Details: